Регионална библиотека "Любен Каравелов" - Русе

Той ме тормози! (Запис номер 480781)

MARC детайли
000 -Лидер
Контролно поле с фиксирана дължина 01180nam a2200313 a 4500
003 - Код на организацията, давaща контролен номер
Контролно поле BLK
005 - Дата и час на последна редакция
Контролно поле 20250728173845.0
008 - Елементи от данни с фиксирана дължина
fixed length control field 180411b bul|||||r ||||||| ||bul||
010 ## - Наследен системен номер
LC control number KNG00185655000
020 ## - Международен стандартен номер на книга ISBN
Международен стандартен номер на книга ISBN 9786197386806
040 ## - Източник на каталожния запис
Идентификатор на билиотеката - собственик на записа BLK
041 ## - Код за език
Код за езика на текст/звукозапис или на отделно заглавие Български
Код за езика КДБФ Български
080 ## - УДК
Текстов определител УДК Американска литература (на САЩ)
УДК код - определител по УДК 821.111(73)
УДК определител -93-34
УДК - код + определител 821.111(73)-93-34
100 ## - Редна дума - Автор
R(LIN) 401472
Автор Бракен, Бет
Авторска отговорност първи автор
139 ## - Редно поле
Редна дума Бракен, Бет
245 10 - Сведения за заглавието
Заглавие Той ме тормози!
Редно поле (дума) Бет Бракен ; ил. Дженифър А. Бел ; прев. от англ. Виктория Илиева
257 ## - Страна на издаване
Страна на създаване/издаване Великобритания
260 ## - Област на издателските данни
Място на издаване, разпространение и проч. София
Име на издателя, разпространителя и проч. Клевър Бук
Година на издаване 2022
9 (RLIN) 216689
Издателство - префикс ISBN 978-954-9749-
300 ## - Физическа характеристика
Страници 32 с.
Илюстрации и др. с цв. ил.
Размери/Мащаб 29 см
380 ## - Жанр
Жанр Детска худож. лит.
490 ## - СЕРИИ (Колекции)
Име на серия Аз се уча да чета
9 (RLIN) 208316
490 1# - СЕРИИ (Колекции)
Име на серия Ставам се по-добър
700 ## - Други автори (авторска отговорност)
Лично име Бел, Дженифър А.
Автороска отговорност (Описва отношението между автора и произведението) ил.
9 (RLIN) 483291
700 ## - Други автори (авторска отговорност)
Лично име Илиева, Виктория
Автороска отговорност (Описва отношението между автора и произведението) прев. от англ.
9 (RLIN) 1021
856 ## - Електронен адрес и достъп
Инструкция (цена за достъп) 0.00
Права за достъп disable
999 ## - СИСТЕМНИ КОНТРОЛНИ НОМЕРА
Koha biblionumber 480781
Koha biblioitemnumber 480781
942 ## - АРТИКУЛИ
Вид на библиотечния материал Книги
Скрит в OPAC Не
Koha issues (borrowed), all copies 112
Периодичен библиозапис Да
944 ## - СЪЗДАВАНЕ И РЕДАКЦИЯ на ЗАПИСА
Статус, дата на статуса Анна Гръцманова
Служител, извършил регистрацията/редакцията 30564
999 ## - СИСТЕМНИ КОНТРОЛНИ НОМЕРА
Koha biblioitemnumber 480781
Наличности
Код за отписване Код за изгубен артикул Източник на класификационната схема Код за повреда Коз за рестрикции Код за отдаване Артикулен № Име на библиотеката - собственик Име на библиотеката, в която се намира в момента Статус (Текущо местоположение) Дата на вписване в системата Местоположение - отдел Цена в лева Систематично азбучна сигнатура Баркод Цена в евро Служебен тип на артикула Инвентарен номер
  Не е изгубен Universal Decimal Classification Не е повреден без рестрикции заемане за дома 912916 Регионална библиотека "Любен Каравелов" Русе Регионална библиотека "Любен Каравелов" Русе Подвързия, Комплектуване 2022-11-15 Детски отдел 4.49 821-93/Б 16 Б 120000878737 2.30 Книги  
  Не е изгубен Universal Decimal Classification Не е повреден без рестрикции заемане за дома 912917 Регионална библиотека "Любен Каравелов" Русе Регионална библиотека "Любен Каравелов" Русе Детски отдел 2022-11-15 Детски отдел 4.49 821-93/Б 16 Б 120000878736 2.30 Книги  
  Не е изгубен Universal Decimal Classification Не е повреден без рестрикции заемане за дома 912918 Регионална библиотека "Любен Каравелов" Русе Регионална библиотека "Любен Каравелов" Русе Детски отдел 2022-11-15 Детски отдел 4.49 821-93/Б 16 Б 120000878738 2.30 Книги  
  Не е изгубен Universal Decimal Classification Не е повреден само за читалня ползва се в читалня 923893 Регионална библиотека "Любен Каравелов" Русе Регионална библиотека "Любен Каравелов" Русе Хранилище 2023-03-17 Хранилище 5.99 Цб ІІ 31631 120000883217 3.06 Книги 120000883217
Vip Innovations Ltd, Rousse, Bulgaria 2025